trouve le joueur du losc avec l'image - Statistiques

Statistiques générales
  • Ce quiz a été pris 194 fois
  • Le résultat moyen est 13 sur 16
Statistiques - réponses
Par images Réponse % Correct
hazard
98%
maignan
98%
payet
96%
ikone
91%
yilmaz
91%
sanches
87%
balmont
83%
kjaer
81%
mavuba
80%
celik
77%
landreau
73%
enyeama
69%
benzia
68%
roux
66%
kluivert
65%
sow
46%
Aucun quiz correspondant
Distribution des résultats
% des personnes avec chaque résultat
Percentile par nombre de réponses
Votre historique - résultats
Vous n’avez pas pris ce quiz